000 01456nam a2200421 c 4500
001 9376
003 ES-MaCES
005 20150925135748.0
008 990915s1999 sp t o000 | spa d
035 _aCES19990013172m
040 _aES-MaCES
_bspa
_cES-MaCES
110 2 _aConsejo Andaluz de Relaciones Laborales
_92337
245 1 0 _aMemoria de actividades 1998
_cConsejo Andaluz de Relaciones Laborales
246 3 _aMemoria C.A.R.L. 1998. Actividades
260 _a[Sevilla]
_bCES
_c[1998]
300 _a75 p.
_c24 cm
500 _aTít. de la cub.: Memoria C.A.R.L. 1998. Actividades
541 _cGratuito
610 2 4 _aConsejo Andaluz de Relaciones Laborales
_92337
650 4 _amemoria anual
_928977
650 4 _ainforme de actividades
_928984
650 4 _a1997
_930803
650 4 _aregistro de sindicatos
_929649
650 4 _aconflicto de trabajo
_928367
650 4 _aarreglo de conflicto
_927305
650 4 _aelección
_927234
650 4 _arepresentación de los trabajadores
_928379
650 4 _aAndalucia
_930791
650 4 _acuadros estadísticos
_928890
650 4 _ainforme
_928986
653 1 0 _aAdministración-Instituciones públicas
650 4 _928377
_asindicato
787 0 _tMemoria CARL 2003 [de actividades]
_w(ES-MaCES)16498
787 0 _tMemoria [de] actividades C.A.R.L. 1.997
_w(ES-MaCES)6907
902 _aLIB Libro
942 _2CES
_cBK
_h6.3.
999 _c9376
_d9376